| 000 | 00445cam a2200169ua 4500 | ||
|---|---|---|---|
| 020 | _c10.00 | ||
| 041 |
_aeng _h |
||
| 082 |
_a954 _bDAD/PO |
||
| 100 | _aDadhabai Navaroji, . | ||
| 245 |
_aPoverty and un-Brotish rule in India / _cDadhabai Navaroji. _hTextual Documents |
||
| 260 |
_aIndia : _bMinistry of I&B, Govt. of India , _c1984. |
||
| 300 | _a597 ; . | ||
| 365 | _a10.00 | ||
| 504 | _a | ||
| 942 | _cBK | ||
| 999 |
_c6350 _d6350 |
||